Adivina al dios griego con emojis - Estadísticas

Estadísticas generales
  • Esta prueba ha sido intentada 36 veces
  • La puntuación promedio es 11 de 18
Estadísticas de respuestas
Imagen Respuesta % Correcto
Zeus
97%
Afrodita
90%
Poseidón
90%
Ares
87%
Hades
81%
Atenea
77%
Apolo
71%
Dioniso
71%
Hermes
68%
Artemisa
55%
Hera
55%
Hefesto
48%
Deméter
45%
Eros
42%
Hestia
39%
Perséfone
39%
Pan
26%
Asclepio
16%
No se encontraron pruebas coincidentes
Distribución de puntuación
Porcentaje de gente con cada puntuación
Porcentaje por número respondido
Historial de tus puntuaciones
No has intentado esta prueba.